Responses for show #4076 - Monday, April 29, 2002

Ben Sternberg sets a new single-day cash winnings record of $38,400.

Contestants

Elizabeth Mouzon, an e-mail administrator from Washington, D.C.

Scott Hatton, a pastor from Mundelein, Illinois

Ben Sternberg, an investment banker from San Francisco, California (whose 2-day cash winnings total $41,200)

Jeopardy! Round responses

LET'S GO TO FLORENCE
TV HOSTS
HAIL TO THE CHIEF
HOME SWEET HOME
WHAT'S YOUR POINT?
"B.S."
    $200 16
(statue of) David

Elizabeth
    $200 26
Regis Philbin

Ben
    $200 11
George Washington

Ben
    $200 6
(Ben: Who is Hearst?)
(Alex: Which one?)

William Randolph Hearst

Ben
    $200 21
mouse

Scott
    $200 1
banana split

Scott
    $400 17
bridge

Scott
    $400 27
(Ben: Who is Rosie O'Donnell?)
...
(Alex: The host of "Weakest Link" [*].)
(Alex: [poorly attempting an imitation] You are the weakest link. Goodbye.)
[Laughter]

Anne Robinson

Ben
Triple Stumper
    $400 12
Lyndon Johnson

Ben
    $400 7
Mary Pickford & Douglas Fairbanks

Elizabeth
    $400 22
Michael Jordan

Scott
    $400 2
Bart Simpson

Ben
    $600 18
Gucci

Ben
    $600 28
Nathan Lane

Scott
    $600 13
Truman

Elizabeth
    $600 8
As the World Turns

Ben
    $600 23
Buffy

Elizabeth
    $600 3
Bruce Springsteen

Elizabeth
    $800 19
Rossini

Ben
    $800 29
Carson Daly

Ben
    $800 14
Princeton

Elizabeth
    $800 9
Rachel Carson

Ben
    $800 24
Hudson

Elizabeth
    $800 4
bobby-sox

Ben
    $1000 20
Uffizi

Triple Stumper
    $1000 30
LeVar Burton

Ben
    $1,600 15
Niagara Falls

Elizabeth
    $1000 10
The Dakota

Ben
    $1000 25
brownie points

Scott
    $1000 5
baking soda

Elizabeth

Scores at the first commercial break (after clue 15):

Ben Scott Elizabeth
$4,400 $200 $5,000

Scores at the end of the Jeopardy! Round:

Ben Scott Elizabeth
$7,400 $2,800 $6,600

Double Jeopardy! Round responses

LET'S GO TO FLORENCE
SCIENTIFIC MINDS
THE OLYMPICS
THE CRUSADES
EDIBLE SPELLING
CROSSWORD CLUES "F"
    $400 21
Florence Henderson

Scott
    $400 5
iron lung

Scott
    $400 1
triple jump

Ben
    $400 10
Jerusalem

Ben
    $400 26
P-I-T-A

Scott
    $400 16
Fu

Elizabeth
    $800 22
Florence Griffith Joyner

Ben
    $800 6
earthquakes

Elizabeth
    $800 2
Cassius Clay (Muhammad Ali)

Scott
    $800 11
spear (lance)

Elizabeth
    $800 27
T-H-Y-M-E

Ben
    $800 17
fox

Ben
    $1200 23
Harding

Ben
    $1200 7
CFCs

Ben
    $1200 3
pentathlon

Elizabeth
    $1200 12
God willing (God wills)

Scott
    $1200 28
J-A-L-A-P-E-N-O

Ben
    $1200 18
Freud

Ben
    $1600 24
Jascha Heifetz

Triple Stumper
    $1600 8
(Ben: What is photography?)

polarization

BenElizabeth
    $1600 4
Sydney

Elizabeth
    $1600 13
(Ben: What are Gauls?)

Franks

BenElizabeth
    $1600 30
A-P-P-E-T-I-Z-E-R

Elizabeth
    $3,000 19
fling

Ben
    $2000 25
Stevie Smith

Triple Stumper
    $3,000 9
(Christian) Doppler

Elizabeth
    $2000 15
(Ben: What is speed [*]?)

walking

Ben
    $2000 14
assassins

Ben
    $2000 29
L-I-N-G-U-I-N-I

Ben
    $2000 20
Fermium

Scott

Scores at the end of the Double Jeopardy! Round:

Ben Scott Elizabeth
$21,200 $8,000 $19,200

[wagering suggestions for these scores]

Final Jeopardy! Round responses

SOUTHERN WRITERS
(Alex: And we go to Elizabeth. She had $19,200. [*] there? Yes. Wager? $19,199. If you become champion today you will set a new 1-day record. It's all up to Ben now, our champion. He had $21,200. He picked [*] also. And his wager? The margin is going to be one dollar [Reaction from audience] over Elizabeth. You'da been tied. Ben Sternberg now has a 3-day total of $79,600 and the new 1-day record for Jeopardy!)
ScottWho is Faulkner Faulkner?
$7,995
ElizabethWho is Faulkner?
$19,199
BenWho was Faulkner?
$17,200
William Faulkner

Final scores:

Ben Scott Elizabeth
$38,400 $15,995 $38,399
3-day champion: $79,600 3rd place: trip to Orlando, Florida 2nd place: trip to Montego Bay, Jamaica

Game dynamics:

Coryat scores:

Ben Scott Elizabeth
$19,800 $8,000 $17,600
26 R
(including 1 DD),
3 W
12 R,
0 W
18 R
(including 2 DDs),
0 W

Combined Coryat: $45,400

The J! Archive is created by fans, for fans. The Jeopardy! game show and all elements thereof, including but not limited to copyright and trademark thereto, are the property of Jeopardy Productions, Inc. and are protected under law. This website is not affiliated with, sponsored by, or operated by Jeopardy Productions, Inc. Join the discussion at JBoard.tv.